000 00790nam a2200277Ia 4500
001 Para_6764
003 CHAP
008 220125s1981 xx 000 0 und d
010 _a205560
040 _cCHAP
082 _aPA 634.967 R6
100 _aRodríguez Lara, Raúl
_998628
245 _aPlagas forestales comunes en México /
_c por Raúl Rodríguez Lara
260 _aChapingo, Méx. :
_b UACh. Departamento de Parasitología Agrícola
300 _a133 h.
650 _aArboles
_x plagas
_982440
650 _aBosques
_x Preservación
650 _aControl de Plagas
_927595
901 _aPA 634.967 R6
902 _aM
905 _a0000001981 0000000000 00
910 _a1981
942 _cPARA
942 _cPARA
_d1
999 _c205560
_d205560